[Event "ENG-ch Seniors 65"]
[Site "Leamington Spa"]
[Date "2023.05.04"]
[Round "1"]
[White "Selley, Susan A"]
[Black "Stokes, Michael"]
[Result "0-1"]
[WhiteElo "1353"]
[BlackElo "1973"]
[PlyCount "68"]
[EventDate "2023.05.04"]
[EventType "swiss"]
[EventRounds "7"]
[EventCountry "ENG"]
[SourceTitle "CBM 214 Extra"]
[Source "ChessBase"]
[SourceDate "2023.07.31"]
[SourceVersion "1"]
[SourceVersionDate "2023.07.31"]
[SourceQuality "1"]

1. c4 c5 2. Nc3 Nf6 3. Nf3 d5 4. cxd5 Nxd5 5. e3 Nc7 6. Bc4 Nc6 7. 0-0 e5 8. e4 Bd6 9. Nb5 Be7 10. Nxc7+ Qxc7 11. b3 0-0 12. Bb2 Bg4 13. h3 Bh5 14. Be2 Rad8 15. Nh2 Bg6 16. Bf3 Qd6 17. Ng4 Qxd2 18. Qxd2 Rxd2 19. Bxe5 h5 20. Bf4 hxg4 21. hxg4 Rd7 22. g3 Nd4 23. Bg2 Rfd8 24. Kh2 b5 25. Be3 Nc2 26. Rac1 Nxe3 27. fxe3 Rd2 28. Kh3 f6 29. a4 Kf7 30. g5 Rh8+ 31. Kg4 Bh5+ 32. Kf4 fxg5+ 33. Ke5+ Bf6+ 34. Kf5 g6# 0-1

[Event "GBR-ch U1750 106th"]
[Site "Torquay"]
[Date "2019.08.01"]
[Round "4"]
[White "Selley, Susan A"]
[Black "Oh, Julie"]
[Result "1-0"]
[WhiteElo "1525"]
[BlackElo "1135"]
[PlyCount "73"]
[EventDate "2019.07.29"]
[EventType "swiss"]
[EventRounds "7"]
[EventCountry "ENG"]
[SourceTitle "EXT 2025"]
[Source "ChessBase"]
[SourceDate "2024.10.14"]
[SourceVersion "1"]
[SourceVersionDate "2024.10.14"]
[SourceQuality "1"]

1. c4 e5 2. Nc3 Nf6 3. b3 c6 4. Nf3 d6 5. d4 exd4 6. Nxd4 d5 7. e3 Bb4 8. Bd2 Qa5 9. Qc2 0-0 10. Bd3 g6 11. 0-0 Na6 12. a3 Bd6 13. Nxd5 Qd8 14. Nxf6+ Qxf6 15. Nf3 Bg4 16. Bc3 Qe7 17. Be2 h5 18. Qb2 f6 19. b4 Be5 20. Nxe5 fxe5 21. Bxg4 hxg4 22. Bxe5 Qh4 23. Bg3 Qh5 24. Rad1 Rf7 25. c5 Rh7 26. Qf6 Rf8 27. Rd8 Rxd8 28. Qxd8+ Kf7 29. Rd1 Nxc5 30. bxc5 Qxc5 31. Qd7+ Kg8 32. Qe8+ Kg7 33. Rd7+ Kh6 34. Bf4+ Qg5 35. Bxg5+ Kxg5 36. Rxh7 c5 37. Qe5# 1-0

[Event "GBR-ch U1750 106th"]
[Site "Torquay"]
[Date "2019.07.29"]
[Round "1"]
[White "Sathe, Atharva"]
[Black "Selley, Susan A"]
[Result "0-1"]
[WhiteElo "902"]
[BlackElo "1525"]
[PlyCount "70"]
[EventDate "2019.07.29"]
[EventType "swiss"]
[EventRounds "7"]
[EventCountry "ENG"]
[SourceTitle "EXT 2025"]
[Source "ChessBase"]
[SourceDate "2024.10.14"]
[SourceVersion "1"]
[SourceVersionDate "2024.10.14"]
[SourceQuality "1"]

1. d4 d6 2. Bf4 g6 3. e3 Bg7 4. Bd3 e5 5. dxe5 dxe5 6. Bg3 Nc6 7. e4 Nf6 8. c3 Nh5 9. Nf3 Nxg3 10. hxg3 Bg4 11. Nbd2 Qxd3 12. Qb3 Nd8 13. Qc4 Qxc4 14. Nxc4 f6 15. Rh4 h5 16. a4 Nf7 17. Nfd2 Bh6 18. f3 Be6 19. g4 hxg4 20. fxg4 Bxd2+ 21. Kxd2 Rxh4 22. Ne3 0-0-0+ 23. Kc2 Bxg4 24. g3 Rh2+ 25. Kb3 Be6+ 26. Kb4 Re2 27. Ng4 Bxg4 28. Ka5 Rxe4 29. b4 Be2 30. b5 a6 31. g4 Rd5 32. Rb1 axb5 33. Rxb5 Bxb5 34. axb5 b6+ 35. Ka6 Ra4# 0-1